The children's book of virtues / (Record no. 112271)
[ view plain ]
| 000 -LEADER | |
|---|---|
| fixed length control field | 00510nam a2200169 a 4500 |
| 001 - CONTROL NUMBER | |
| control field | 2940 |
| 005 - DATE AND TIME OF LATEST TRANSACTION | |
| control field | 20140414131932.0 |
| 008 - FIXED-LENGTH DATA ELEMENTS--GENERAL INFORMATION | |
| fixed length control field | 051130s19uu xx 00 eng d |
| 020 ## - INTERNATIONAL STANDARD BOOK NUMBER | |
| International Standard Book Number | 0-590-97266-9 |
| 050 ## - LIBRARY OF CONGRESS CALL NUMBER | |
| Classification number | REF 179 |
| Item number | B46 1995 |
| 100 ## - MAIN ENTRY--PERSONAL NAME | |
| Personal name | Bennet, William J. |
| 245 ## - TITLE STATEMENT | |
| Title | The children's book of virtues / |
| Statement of responsibility, etc | edited by William J. Bennett ; illustrated by Michael Hague. |
| 260 ## - PUBLICATION, DISTRIBUTION, ETC. (IMPRINT) | |
| Place of publication, distribution, etc | New York : |
| Name of publisher, distributor, etc | Scholastic, |
| Date of publication, distribution, etc | 1995. |
| 300 ## - PHYSICAL DESCRIPTION | |
| Extent | 111 p. ; cm. |
| 650 ## - SUBJECT ADDED ENTRY--TOPICAL TERM | |
| Topical term or geographic name as entry element | Virtues |
| General subdivision | Juvenile literature. |
| Withdrawn status | Lost status | Damaged status | Use restrictions | Home library | Current library | Shelving location | Date acquired | Source of acquisition | Cost, normal purchase price | Total Checkouts | Full call number | Barcode | Date last seen | Price effective from | Koha item type |
|---|---|---|---|---|---|---|---|---|---|---|---|---|---|---|---|
| Munich Library | Munich Library | Reference Section | 11/30/2005 | 1175.00 | REF 179 B46 1995 | M3503 | 04/14/2014 | 04/14/2014 | Books |